Nagymihály - Takarékpénztár
Zobrazenie: Pohľad na ulicu s budovami a chodcami uprostred ide povoz
| Format: | Postcard |
|---|---|
| Language: | Hungarian Slovak |
| PhysicalDescription: | 1 pohľadnica tónovaná do hneda 9 x 14 cm |
| Published: |
Budapest
Vasúti Levelezőlaparusitas
[1928?]
|
| Subjects: |
MARC
| LEADER | 00000nkm a2200000 a 4500 | ||
|---|---|---|---|
| 001 | vtls011901203 | ||
| 003 | SK-MaSNL | ||
| 005 | 20260512124840.0 | ||
| 007 | kp ao | ||
| 008 | 230706q1928 hu g kuhun | ||
| 015 | |a SNBG1928 | ||
| 035 | |a urn:nbn:sk:snk-km00efn0 | ||
| 035 | |a urn:nbn:sk:snk-km43ddm | ||
| 035 | |a F1BD84A9-32E8-4F73-8DA8-853E68604609 | ||
| 040 | |a SNK |b slo |c SNK |e AACR2 | ||
| 041 | 0 | |a hun |a slo | |
| 043 | |a e-xo--- | ||
| 044 | |a hu |c HU | ||
| 072 | 7 | |a 913 |x Regionálna geografia |2 konspekt | |
| 080 | |a 913(437.6) |2 2011 | ||
| 080 | |a 711.73 |2 2011 | ||
| 080 | |a (084.121) |2 2011 | ||
| 245 | 0 | 0 | |a Nagymihály - Takarékpénztár |h grafika |
| 246 | 3 | 1 | |a Michalovce |b Hlavná ulica |
| 260 | |a Budapest |b Vasúti Levelezőlaparusitas |c [1928?] | ||
| 300 | |a 1 pohľadnica |b tónovaná do hneda |c 9 x 14 cm | ||
| 500 | |a Názov v slovenčine bol vytlačený na pohľadnicu dodatočne | ||
| 500 | |a Názvové údaje prevzaté z obrazovej časti pohľadnice | ||
| 520 | 8 | |a Zobrazenie: Pohľad na ulicu s budovami a chodcami uprostred ide povoz | |
| 546 | |a Súbežný názov v slovenčine | ||
| 650 | 0 | 7 | |a ulice |2 SNKPH |9 2938 |
| 651 | 7 | |a Michalovce (Slovensko) |2 SNKPHgeo |9 22487 | |
| 655 | 7 | |a miestne pohľadnice |2 SNKPH |9 70510 | |
| 852 | |a Slovenská národná knižnica | ||
| 958 | |a GBN | ||
| 958 | |a GC | ||
| 958 | |a ONDV | ||
| 999 | |c 949596 |d 951526 | ||
| 952 | |a SNK |b SNK |y PREZ |7 0 |p 17A1236444 |o snkSP 32356 |z Pohľadnica prešla poštou. |0 0 |1 0 |4 0 |d 2019-11-18 |f 1 |l 0 |r 2026-02-24 09:44:47 |w 2026-02-24 | ||


